000 00356nam a22001571a 4500
020 _a9788185478265
082 _aH3
_bACH/M
100 _aAchala Sharma
245 _aMadhyandar/
_cby Achala Sharma
260 _aNew Delhi:
_bJnan,
_c2000.
300 _a95p.
650 _aNovel Hindi
650 _aLiterature Hindi
650 _aLiterature
942 _cBK
999 _c26448
_d26448